| 000 | 00586nam a2200193 i 4500 | ||
|---|---|---|---|
| 001 | 134819 | ||
| 003 | ES-MaACL | ||
| 005 | 20230906194742.0 | ||
| 007 | t| | ||
| 008 | 070629s1973 sp a ||||1| spa d | ||
| 080 | _a301.153.2(04) | ||
| 100 | 1 |
_aThibault-Laulan, Anne-Marie. _9109923 |
|
| 245 | 1 | 0 |
_aImagen y comunicación / _cAnne-Marie Thibault-Laulan ; [traductora, Mercedes Lazo]. |
| 260 |
_aValencia : _bFernando Torres, _c[1973] |
||
| 300 |
_a186 p. : _bil. ; _c24 cm. |
||
| 650 | 1 | 4 |
_aComunicación. _911187 |
| 700 | 1 |
_aLazo, Mercedes. _970820 |
|
| 852 |
_aES-MaACL _jC-55932 |
||
| 999 |
_c134819 _d134819 |
||